| Tag |
First Indicator |
Second Indicator |
Subfields |
| LEADER |
00000cam a2200000 a 4500 |
| 001 |
in00000033357 |
| 005 |
20151007060604.0 |
| 008 |
880718s1988 cau b 00000 eng d |
| 020 |
|
|
|a 0803926863 (bd.) 0803926871 (pbk.)
|
| 035 |
|
|
|a (OCoLC)18230925
|
| 035 |
|
|
|9 AAC1221AM
|
| 040 |
|
|
|a GZM
|c GZM
|d TXA
|d UtOrBLW
|
| 049 |
|
|
|a TXAM
|c [A11691544]
|
| 050 |
|
4 |
|a P211
|b .W7 1988
|
| 245 |
0 |
0 |
|a Writing across languages and cultures :
|b issues in contrastive rhetoric /
|c edited by Alan C. Purves.
|
| 264 |
|
1 |
|a Newbury Park, Calif. :
|b SAGE Publications,
|c 1988.
|
| 300 |
|
|
|a 309 pages :
|b illustrations ;
|c 23 cm.
|
| 336 |
|
|
|a text
|b txt
|2 rdacontent
|
| 337 |
|
|
|a unmediated
|b n
|2 rdamedia
|
| 338 |
|
|
|a volume
|b nc
|2 rdacarrier
|
| 490 |
1 |
|
|a Written communication annual ;
|v v. 2
|
| 504 |
|
|
|a Includes bibliographies.
|
| 650 |
|
0 |
|a Written communication.
|
| 650 |
|
0 |
|a Discourse analysis.
|
| 650 |
|
0 |
|a Communication in foreign language education.
|
| 650 |
|
0 |
|a Interlanguage (Language learning)
|
| 700 |
1 |
|
|a Purves, Alan C.
|q (Alan Carroll),
|d 1931-1996.
|
| 830 |
|
0 |
|a Written communication annual ;
|v v. 2.
|
| 999 |
|
|
|a MARS
|
| 999 |
f |
f |
|s edad6858-565a-3713-a07e-37498b62ba15
|i 9255febc-4733-36ee-a2ac-6954781c3749
|t 0
|
| 952 |
f |
f |
|p ric
|a Texas A&M University
|b Rellis Campus
|c Joint Library Facility
|s JLF
|d Remote Storage
|t 0
|e P211 .W7 1988
|h Library of Congress classification
|i unmediated -- volume
|m A14811691544
|
| 998 |
f |
f |
|a P211 .W7 1988
|t 0
|l Remote Storage
|